000 01117nam a2200277Ia 4500
003 OSt
005 20221005104840.0
006 a|||||r|||| 00| 0
007 ta
008 221004b |||||||| |||| 00| 0 san d
020 _a8174532803 (hbk)
_c1100
024 _a22093
037 _b118, 21/03/2015, Mallika Books
_cTextual
040 _aCRL
_cCRL
_bsan
041 _2san
_asan
082 _aO15,1D40,2:g(S:55), P7
100 _aकुलश्रेष्ठ, सुषमा
245 0 _aकुमारसम्भव - कामकेलिशती
246 _aKumārasambhav - kāmakelishatī
260 _aदिल्ली
_bसंजय प्रकाशन भारत
_c2007
300 _a248पृ0
_ccm.
490 _aकालिदास संस्कृत संगीत कला एकेडमी ग्रन्थमाला; 18
650 _aसंस्कृत साहित्य
942 _hO15,1D40,2:g(S:55), P7
_cTEXL
_2cc
999 _c1013974
_d1013974